The magic of Oil Painting (Record no. 233813)

MARC details
000 -LEADER
fixed length control field 00298pam a2200133 a 4500
020 ## - INTERNATIONAL STANDARD BOOK NUMBER
Terms of availability
041 ## - LANGUAGE CODE
Language code of original
082 ## - DEWEY DECIMAL CLASSIFICATION NUMBER
Classification number 751.45
Item number ALE
100 ## - MAIN ENTRY--PERSONAL NAME
Personal name Alexander W.
245 ## - TITLE STATEMENT
Title The magic of Oil Painting
Medium Textual Documents
250 ## - EDITION STATEMENT
Edition statement 1998.
260 ## - PUBLICATION, DISTRIBUTION, ETC.
Place of publication, distribution, etc. pune:
Name of publisher, distributor, etc. Walter Foster Publisher.
930 ## - EQUIVALENCE OR CROSS-REFERENCE-UNIFORM TITLE HEADING [LOCAL, CANADA]
Uniform title 23
Holdings
Withdrawn status Lost status Damaged status Not for loan Collection Home library Current library Date acquired Source of acquisition Cost, normal purchase price Total Checkouts Full call number Barcode Date last seen Copy number Price effective from Koha item type
          College of Fine Arts, Pune College of Fine Arts, Pune 17/07/2000 m/s unicate publishers 300.00   751.45 ALE FAP-24 07/03/2023 1 07/03/2023 Book